Vrai pays ou inventé - Statistiques

Statistiques générales
  • Ce quiz a été pris 192 fois
  • Le résultat moyen est 9 sur 13
Answers on the Grid
Answers color-coded by a green-red scale on the quiz's grid according to % correct below.
Zambodia
Tralalistan
Bongo
Lichtenstan
Guinee Bissau
Chadistan
Eswatonia
Sainte Marie
Kiribati
Porto Rico
Vanuatu
Komoristan
Togo
Southiname
Quebec
Nauru
Comoria
Timor Leste
Lesotho
Erytanie
Tuvalu
Lithuara
Grenade
Djibouti
Cap-Rouge
Gambie
Barbade
Tibet
Vietnam du sud
Bhoutan
 
Statistiques - réponses
Réponse % Correct
Guinee Bissau
81%
Togo
75%
Kiribati
72%
Djibouti
71%
Lesotho
71%
Bhoutan
69%
Vanuatu
68%
Gambie
66%
Nauru
65%
Tuvalu
64%
Barbade
63%
Grenade
61%
Timor Leste
32%
Aucun quiz correspondant
Distribution des résultats
% des personnes avec chaque résultat
Percentile par nombre de réponses
Votre historique - résultats
Vous n’avez pas pris ce quiz